[Event "Mumbai Accurate op"]
[Site "Mumbai"]
[Date "2023.10.03"]
[Round "5"]
[White "Arora, Advay"]
[Black "Shenvi, Pratik"]
[Result "0-1"]
[WhiteElo "1378"]
[BlackElo "1813"]
[PlyCount "64"]
[EventDate "2023.09.29"]
[EventType "swiss"]
[EventRounds "7"]
[EventCountry "IND"]
[SourceTitle "CBM 216 Extra"]
[Source "ChessBase"]
[SourceDate "2023.11.30"]
[SourceVersion "1"]
[SourceVersionDate "2023.11.30"]
[SourceQuality "1"]

1. d4 Nf6 2. Nc3 c5 3. d5 d6 4. e4 g6 5. Bb5+ Nbd7 6. a4 a6 7. Bd3 Bg7 8. Nf3 0-0 9. 0-0 Qc7 10. Nd2 Rb8 11. f4 Nb6 12. Nc4 Nxc4 13. Bxc4 Bd7 14. a5 b5 15. axb6 Rxb6 16. Qe2 a5 17. h3 Rfb8 18. Ra3 Rb4 19. Rb3 a4 20. Rxb4 cxb4 21. Nd1 Qa5 22. c3 b3 23. Qd3 Bb5 24. Ne3 Nd7 25. Bxb5 Nc5 26. Qe2 Qxb5 27. Nc4 a3 28. bxa3 Bxc3 29. Rf2 Bd4 30. Be3 Bxe3 31. Nxe3 Qxe2 32. Rxe2 b2 0-1

[Event "Mumbai Mayors Cup 1st"]
[Site "Mumbai"]
[Date "2008.05.14"]
[Round "5"]
[White "Vishal, Sharma"]
[Black "Shenvi, Pratik"]
[Result "1-0"]
[WhiteElo "1875"]
[BlackElo "1686"]
[PlyCount "65"]
[EventDate "2008.05.11"]
[EventType "swiss"]
[EventRounds "11"]
[EventCountry "IND"]
[SourceTitle "CBM 124 Extra"]
[Source "ChessBase"]
[SourceDate "2008.07.03"]
[SourceVersion "1"]
[SourceVersionDate "2008.07.03"]
[SourceQuality "1"]

1. d4 Nf6 2. c4 c5 3. Nf3 cxd4 4. Nxd4 e5 5. Nf3 e4 6. Nd4 d5 7. e3 Bc5 8. Nc3 Bxd4 9. Qxd4 Nc6 10. Qc5 d4 11. Nb5 Qd7 12. Nxd4 Nxd4 13. exd4 b6 14. Qe5+ Qe6 15. Qxe6+ Bxe6 16. Be3 0-0 17. d5 Bd7 18. Be2 Rac8 19. 0-0 Bf5 20. Rfd1 Rfd8 21. Rd2 h6 22. Bd4 Nd7 23. h3 g5 24. Rc1 a5 25. Rc3 Bg6 26. Rb3 Rb8 27. Rb5 f5 28. b4 a4 29. c5 bxc5 30. bxc5 Be8 31. c6 Nf8 32. c7 Bxb5 33. cxd8Q 1-0

[Event "Mumbai Mayors Cup 1st"]
[Site "Mumbai"]
[Date "2008.05.11"]
[Round "1"]
[White "Thakur, Akash"]
[Black "Shenvi, Pratik"]
[Result "1/2-1/2"]
[WhiteElo "2300"]
[BlackElo "1686"]
[PlyCount "43"]
[EventDate "2008.05.11"]
[EventType "swiss"]
[EventRounds "11"]
[EventCountry "IND"]
[SourceTitle "CBM 124 Extra"]
[Source "ChessBase"]
[SourceDate "2008.07.03"]
[SourceVersion "1"]
[SourceVersionDate "2008.07.03"]
[SourceQuality "1"]

1. e4 e6 2. d4 d5 3. exd5 exd5 4. Bd3 Bd6 5. Nf3 Ne7 6. 0-0 0-0 7. Nc3 c6 8. Nh4 Ng6 9. Nxg6 fxg6 10. Ne2 Qh4 11. g3 Qf6 12. f4 Bh3 13. Rf2 c5 14. c4 cxd4 15. cxd5 Nd7 16. b3 Rac8 17. Bb2 Rc3 18. Bxc3 dxc3 19. Qc2 Bc5 20. b4 Bxf2+ 21. Kxf2 Re8 22. d6 1/2-1/2